| 000 | 00695nam a2200217 i 4500 | ||
|---|---|---|---|
| 001 | 56985 | ||
| 003 | ES-MaACL | ||
| 005 | 20230906163506.0 | ||
| 007 | t| | ||
| 008 | 031014s1972 sp ||||1| spa d | ||
| 100 | 1 |
_aDíez Alegría, José María. _9182604 |
|
| 245 | 1 | 0 |
_aConcordato y sociedad pluralista / _cJosé María Díez-Alegria, J.M. Setien, J. Puente Egido. |
| 260 |
_aSalamanca : _bSígueme, _c1972. |
||
| 300 |
_a112 p. ; _c21 cm. |
||
| 650 | 4 |
_aConcordatos- _zEspaña. _9152737 |
|
| 650 | 0 | 4 |
_aLibertad religiosa- _zEspaña. _914417 |
| 700 | 1 |
_aSetién, José María. _9105897 |
|
| 700 | 1 |
_aPuente Egido, J. _994158 |
|
| 852 |
_aES-MaACL _jC-48058 _bR.82758 |
||
| 999 |
_c56985 _d56985 |
||